Kufřík matematických záhad profesora Stewarta /

Main Author: Stewart, Ian, 1945-
Other Authors: Georgiev, Lukáš, 1970-, Vítů, Jiřina
Language: Czech
Published: Praha : Dokořán :Argo, 2019
Edition: První vydání v českém jazyce
Series: Aliter (Argo : Dokořán)
Subjects:
Physical Description: 326 stran : ilustrace, portréty, 1 faksimile ; 21 cm
Book
Saved in:
LEADER 02106cam a2200565 i 4500
001 nkc20193162617
003 CZ PrNK
005 20201110094637.0
007 ta
008 191213s2019 xr ach e f 000 0 cze d
015 |a cnb003162617 
020 |a 978-80-7363-949-5  |q (Dokořán ;  |q vázáno) 
020 |a 978-80-257-3057-7  |q (Argo ;  |q vázáno) 
035 |a (OCoLC)1200246454 
040 |a KLG001  |b cze  |d ABA001  |e rda 
041 1 |a cze  |h eng 
072 7 |a 51  |x Matematika  |2 Konspekt  |9 13 
080 |a 51  |2 MRF 
080 |a 0/9  |2 MRF 
080 |a (0.062)  |2 MRF 
080 |a (0:82-32)  |2 MRF 
100 1 |a Stewart, Ian,  |d 1945-  |7 skuk0005412  |4 aut 
240 1 0 |a Professor Stewart's casebook of mathematical mysteries.  |l Česky 
245 1 0 |a Kufřík matematických záhad profesora Stewarta /  |c Ian Stewart ; přeložili Lukáš Georgiev a Jiřina Vítů 
250 |a První vydání v českém jazyce 
264 1 |a Praha :  |b Dokořán :  |b Argo,  |c 2019 
300 |a 326 stran :  |b ilustrace, portréty, 1 faksimile ;  |c 21 cm 
336 |a text  |b txt  |2 rdacontent 
337 |a bez média  |b n  |2 rdamedia 
338 |a svazek  |b nc  |2 rdacarrier 
490 1 |a Aliter ;  |v svazek 70 
500 |a Přeloženo z angličtiny 
504 |a Obsahuje bibliografické odkazy 
650 0 7 |a matematika  |7 ph117231  |2 czenas 
650 0 7 |a všeobecnosti a zajímavosti  |7 ph116736  |2 czenas 
650 0 9 |a mathematics  |2 eczenas 
650 0 9 |a facts and features  |2 eczenas 
655 7 |a populárně-naučné publikace  |7 fd131864  |2 czenas 
655 7 |a příběhy  |7 fd133204  |2 czenas 
655 9 |a popular works  |2 eczenas 
655 9 |a stories  |2 eczenas 
700 1 |a Georgiev, Lukáš,  |d 1970-  |7 jo2008480404  |4 trl 
700 1 |a Vítů, Jiřina  |7 hka2016908672  |4 trl 
830 0 |a Aliter (Argo : Dokořán)  |0 s 
910 2 |a BOA001  |b 2-1452.253 
920 |a 1266621  |z KLG001 
990 |a BK 
995 |a 01 
996 6 |b 2610833944  |c 2-1452.253  |l MZK  |r Sklad / do 1 hodiny  |n 2  |p p.v.  |w 001817213  |u 000010  |a 1  |e BOA001  |j MZK50  |s P 
996 7 |b 2610845303  |c 2-1452.253  |l MZK  |r Sklad / do 1 hodiny  |n 4  |p kup  |w 001817213  |u 000020  |a 1  |e BOA001  |j MZK50  |s A